LEADER 01145nam0-22003851i-450- 001 990007963250403321 005 20080625100159.0 010 $a88-464-4503-1 035 $a000796325 035 $aFED01000796325 035 $a(Aleph)000796325FED01 035 $a000796325 100 $a20041201d2003----km-y0itay50------ba 101 0 $aita 102 $aIT 105 $aa-------001yy 200 1 $aViaggio matematico nell' arte e nell'architettura$fNicoletta Sala, Gabriele Cappellato$gpresentazione di Mario Botta 210 $aMilano$cF. Angeli$dc2003 215 $a252 p.$cill.$d23 cm 225 1 $aSerie di architettura$v35 610 0 $aArchitettura e matematica 676 $a720.151$v21$zita 700 1$aSala,$bNicoletta$0286812 701 1$aCappellato,$bGabriele$011148 801 0$aIT$bUNINA$gRICA$2UNIMARC 901 $aBK 912 $a990007963250403321 952 $a08 M 295$b1474$fDINED 952 $aTECN B 1564$b13479$fFARBC 952 $a10.670$b5357$fDARST 959 $aFARBC 959 $aDINED 959 $aDARST 996 $aViaggio matematico nell' arte e nell'architettura$9747919 997 $aUNINA LEADER 01077cam--2200361---450- 001 990005847490203316 005 20130624153422.0 035 $a000584749 035 $aUSA01000584749 035 $a(ALEPH)000584749USA01 035 $a000584749 100 $a20130523d1919----km-y0itay50------ba 101 0 $aita 102 $aIT 105 $a||||||||001yy 200 1 $a<<'O>> suldato 'e Gaeta$econ prefazione e note$fFerdinando Russo 210 $aNapoli$cGiannini$d1919 215 $a90 p.$d19 cm 606 0 $aSoldati$yGaeta$2BNCF 676 $a851.9 700 1$aRUSSO,$bFerdinando$f<1866-1927>$0153501 801 0$aIT$bsalbc$gISBD 912 $a990005847490203316 951 $aXV.2.A. 1184$b2688 F.C.$cXV.2.A.$d00292540 959 $aBK 969 $aCUOMO 979 $aPALERMO$b90$c20130523$lUSA01$h1159 979 $aPALERMO$b90$c20130523$lUSA01$h1200 979 $aCHIARA$b90$c20130524$lUSA01$h1143 979 $aCHIARA$b90$c20130524$lUSA01$h1144 979 $aPALERMO$b90$c20130624$lUSA01$h1534 996 $aSuldato 'e Gaeta$91086857 997 $aUNISA